Die moderne Industriegesellschaft

Saved in:
Bibliografiske detaljer
Hovedforfatter: Galbraith, John Kenneth (Author)
Format: Bog
Sprog:tysk
Udgivet: Múnich Droemer Knaur 1968
Fag:
Tags: Tilføj Tag
Ingen Tags, Vær først til at tagge denne postø!

MARC

LEADER 00000nam a2200000 a 4500
001 UCO8169
003 CL-VaPUC
008 001201e19680000GW |||||||||||||||||ger|d
082 0 4 |a 338.881  |b GAL  |2 21 
100 |a Galbraith, John Kenneth  |e author  |9 591930 
245 1 4 |a Die moderne Industriegesellschaft 
300 |a 464 p 
942 |c BK 
945 |d 20001201 00:00:00  |a crobeson 
260 |a Múnich  |b Droemer Knaur  |c 1968 
500 |a Donación del profesor Manfred Wilhelmy von Wolff 
650 0 |a Industrias   |9 263688 
650 0 |a Industrialización  |9 263687 
650 0 |a Desarrollo industrial  |9 322675 
650 7 |a SISTEMA PRODUCTIVO  |2 CL-VaPUC  |9 452964 
650 7 |a POTENCIAL INDUSTRIAL  |2 CL-VaPUC  |9 359097 
583 |a last modification  |c 20001201 00:00:00  |k Rodrigo Vera 
999 |c 292897  |d 292895 
952 |0 0  |1 0  |4 0  |6 338_881000000000000_GAL_1968  |7 0  |8 A  |9 343975  |a BIBHIS  |b BIBHIS  |d 2019-11-20  |i 1236091  |o 338.881 GAL 1968  |p 1236091  |r 2025-01-20  |w 2019-11-20  |y BK  |k HIS